000 00743nam a2200241 a 4500
001 BRCA_7532
005 20190320205857.0
008 160513s1948----sp-a######---#000-0#spa-#
041 _aspa
044 _asp
050 4 _aNK999
_b.S83 1948
100 1 _aSubias Galter, Juan
_918573
245 1 0 _aEl arte popular en España
_cpor Juan Subias Galter.
260 _aBarcelona
_bSeix Barral
_c1948
300 _a628 p.
_bil. (algunas a color), 502 láminas
_c28 cm.
500 _aIncluye índice descriptivo de ilustraciones, índice de láminas e índice general de materias
500 _aR92
650 1 4 _aArte popular
_97800
650 1 4 _aArtesanías
_zEspaña
_913192
650 1 4 _aArte
_zEspaña
_92064
902 _aGFM
942 _2lcc
_cB
999 _c7206
_d7206